Una desacertada interpretación de las competencias de la Sindicatura General de la Nación (Registro nro. 24143)

Detalles MARC
000 -LEADER
fixed length control field 00359 a2200109 4500
001 - CONTROL NUMBER
control field ART_40023
005 - DATE AND TIME OF LATEST TRANSACTION
control field 20260410161841.0
008 - FIXED-LENGTH DATA ELEMENTS--GENERAL INFORMATION
fixed length control field 260409a
100 1# - MAIN ENTRY--PERSONAL NAME
Personal name Bielsa, Rafael
245 10 - TITLE STATEMENT
Title Una desacertada interpretación de las competencias de la Sindicatura General de la Nación
773 0# - HOST ITEM ENTRY
Title RAP
Related parts - Año 24, Nº 280 (ene. 2002)
Record control number REV5941

No hay ítems disponibles.